00982nam a22002057a 4500003000400000005001700004008004100021017001600062040002200078130002500100245024300125260006000368300002700428504004300455546003600498650004200534650003500576710003700611856012800648OSt20191106154210.0191106s2018 sp a | |||| 000 0 cat d aV 1703-2018 aSpMaBNbcatcCDMR0 aPeriodisme freelance10aPeriodisme freelanceb: guia per al professional autònom i Informe de situació del sector 2018 cuna publicació d'Unió de Periodistes Valencians ; redacció, IV Beca Emili Gisbert Lorena Ortega Plaza ; traducció, Roger Sarrià a[Valencia] :bUnió de Periodistes Valencians,c[2018] a115, 113 p.bilc30 cm aInclou referències bibliogràfiques aText en castellà i valencià 4aPeriodismexOrientació professional 4aRelacions laboralsxPeriodisme2 aUnió de Periodistes Valencians uhttp://www.unioperiodistes.org/wp-content/uploads/2018/06/dossier1-upv-val-dg.pdfyDisponible en línia z(Accés lliure)